[Event "Rio de Janeiro op 3rd"]
[Site "Rio de Janeiro"]
[Date "2024.04.27"]
[Round "8"]
[White "Barone, Rafael Tedeschi"]
[Black "Farias, Sergio Luiz Cardoso"]
[Result "1/2-1/2"]
[WhiteElo "1825"]
[BlackElo "1696"]
[PlyCount "105"]
[EventDate "2024.04.22"]
[EventType "swiss"]
[EventRounds "9"]
[EventCountry "BRA"]
[SourceTitle "CB18_2024"]
[SourceDate "2024.05.01"]
[SourceVersion "1"]
[SourceVersionDate "2024.05.01"]
[SourceQuality "2"]

1. Nf3 Nf6 2. g3 d6 3. Bg2 Nc6 4. d3 Bg4 5. Nbd2 e5 6. e4 Qd7 7. h3 Bh5 8. c3 Be7 9. Nf1 h6 10. Qb3 b6 11. Ne3 Na5 12. Qc2 Nh7 13. Nf5 Bf6 14. Be3 Ng5 15. Nxg5 hxg5 16. d4 Nc4 17. Bxg5 Bxg5 18. Nxg7+ Kf8 19. Nxh5 Rxh5 20. Qe2 Bd2+ 21. Kf1 Rh6 22. Qxc4 Re8 23. h4 Rf6 24. Rd1 Be3 25. Bh3 Rxf2+ 26. Ke1 Qe7 27. Rf1 Rxf1+ 28. Qxf1 exd4 29. Bf5 dxc3 30. bxc3 Qe5 31. Qf3 Qxc3+ 32. Ke2 Bd4 33. Qxc3 Bxc3 34. h5 Bg7 35. Rc1 Re7 36. g4 d5 37. Kd3 dxe4+ 38. Bxe4 Bh6 39. Rc6 Bg5 40. Bf5 f6 41. Kc4 a6 42. Re6 Rxe6 43. Bxe6 Ke7 44. Bf5 Kd6 45. a4 c6 46. Bb1 a5 47. Bf5 Kc7 48. Be6 Kd6 49. Bf5 Ke5 50. Bd7 Kd6 51. Bf5 Bh6 52. Bc8 c5 53. Bf5 1/2-1/2

[Event "Rio de Janeiro op 3rd"]
[Site "Rio de Janeiro"]
[Date "2024.04.25"]
[Round "5"]
[White "Nogueira, Adnilton Correia De"]
[Black "Barone, Rafael Tedeschi"]
[Result "0-1"]
[WhiteElo "1767"]
[BlackElo "1825"]
[PlyCount "85"]
[EventDate "2024.04.22"]
[EventType "swiss"]
[EventRounds "9"]
[EventCountry "BRA"]
[SourceTitle "CB18_2024"]
[SourceDate "2024.05.01"]
[SourceVersion "1"]
[SourceVersionDate "2024.05.01"]
[SourceQuality "2"]

1. d4 d5 2. Nf3 Nf6 3. Bg5 c5 4. e3 Ne4 5. Bh4 Qa5+ 6. c3 Bg4 7. Qb3 cxd4 8. Ne5 g5 9. Bg3 dxc3 10. bxc3 Bg7 11. Bb5+ Kf8 12. 0-0 Be6 13. f4 Nxg3 14. hxg3 Qb6 15. Re1 a6 16. Bc4 Qxb3 17. Bxb3 Bxe5 18. fxe5 Nc6 19. e4 Rd8 20. exd5 Bxd5 21. Rd1 Bxb3 22. Rxd8+ Nxd8 23. axb3 Nc6 24. e6 f6 25. Nd2 Kg7 26. Kf2 Rd8 27. Nc4 Ne5 28. Ne3 Kg6 29. Ke2 Rd6 30. Rd1 Rxe6 31. Kf2 h5 32. Rd4 Rc6 33. c4 b5 34. Nd5 Re6 35. c5 Nc6 36. Rd3 Re5 37. b4 e6 38. Nc7 Nxb4 39. Rc3 Rxc5 40. Rxc5 Nd3+ 41. Ke3 Nxc5 42. Kd4 Kf5 43. Kxc5 0-1